Welcome to CU Library Online Public Access Catalogue (OPAC)

GLOBALIZATION AND THE SOUTH (Record no. 5266)

MARC details
000 -LEADER
fixed length control field 00411nam a22001457a 4500
005 - DATE AND TIME OF LATEST TRANSACTION
control field 20250327165032.0
008 - FIXED-LENGTH DATA ELEMENTS--GENERAL INFORMATION
fixed length control field 250327b |||||||| |||| 00| 0 eng d
020 ## - INTERNATIONAL STANDARD BOOK NUMBER
International Standard Book Number 9789780293246
050 ## - LIBRARY OF CONGRESS CALL NUMBER
Classification number HF 1414
Item number KHO
100 ## - MAIN ENTRY--PERSONAL NAME
Personal name KHOR, MARTIN
245 ## - TITLE STATEMENT
Title GLOBALIZATION AND THE SOUTH
Remainder of title SOME CRITICAL ISSUES
Statement of responsibility, etc. MARTIN KHOR
260 ## - PUBLICATION, DISTRIBUTION, ETC.
Place of publication, distribution, etc. IBADAN
Name of publisher, distributor, etc. SPECTRUM BOOKS LIMITED
Date of publication, distribution, etc. c2000
300 ## - PHYSICAL DESCRIPTION
Extent iii, 109p,;
942 ## - ADDED ENTRY ELEMENTS (KOHA)
Source of classification or shelving scheme Library of Congress Classification
Koha item type Books
Suppress in OPAC No
999 ## -
-- 5266
-- 5266
Holdings
Withdrawn status Lost status Source of classification or shelving scheme Damaged status Not for loan Collection Home library Current library Shelving location Date acquired Total checkouts Full call number Barcode Date last seen Copy number Price effective from Koha item type
    Library of Congress Classification     Non-fiction Undergraduate Library (Christ Temple) Undergraduate Library (Christ Temple) General stacks 03/27/2025   HF 1414 KHO ulct00002031 03/27/2025 1 03/27/2025 Books
© 2023-2024 Copyright: Central University Libraries. All Rights Reserved | Created by: Mahone Tech Office